The Ring's Journey Quiz Stats

 Plays Quiz not verified by Sporcle

Challenge
Share
Tweet
Embed
Score 0/13 Timer 15:00
0 Plays Today
% Correct
mount doom
92.2%
mount doom
84.4%
Khazad-dûm
83.1%
Falls of Rauros
81.8%
rivendell
79.2%
hobbiton
77.9%
cirith ungol
71.4%
lothlorien
68.8%
north ithilien
66.2%
shelob
66.2%
misty mountains
63.6%
emyn muil
59.7%
mirkwood
39%

You're not logged in!

Compare scores with friends on all Sporcle quizzes.
Join for Free
OR
Log In

You Might Also Like...

Show Comments

Extras

Top Quizzes Today


Score Distribution

Your Account Isn't Verified!

In order to create a playlist on Sporcle, you need to verify the email address you used during registration. Go to your Sporcle Settings to finish the process.

Report this User

Report this user for behavior that violates our Community Guidelines.

Details: